Normal view
MARC view
Entry Topical Term
001 - CONTROL NUMBER
- control field: 755134
003 - CONTROL NUMBER IDENTIFIER
- control field: OSt
005 - DATE AND TIME OF LATEST TRANSACTION
- control field: 20250507130311.0
008 - FIXED-LENGTH DATA ELEMENTS
- fixed length control field: 250507|| aca||aabn | a|a d
040 ## - CATALOGING SOURCE
- Original cataloging agency: OSt
- Transcribing agency: OSt
150 ## - HEADING--TOPICAL TERM
- Topical term or geographic name entry element: China; China - Israel - United States America
670 ## - SOURCE DATA FOUND
- Source citation: Work cat.: (OSt)1318857: Kumaraswamy P. R., China, Israel and the US: The problematic triangle, 2013
